| 000 | 00515nam a22001817a 4500 | ||
|---|---|---|---|
| 003 | OSt | ||
| 005 | 20240625150555.0 | ||
| 008 | 240625b |||||||| |||| 00| 0 eng d | ||
| 020 | _a978155798016 | ||
| 040 | _cMUST | ||
| 082 |
_222 _a371.019 ACT 2002 |
||
| 100 |
_aVivian Parker makosky _917859 |
||
| 245 |
_aActivities handbook for the teaching of psychology _bvo;lume 3 _cvivian P Makosky |
||
| 300 |
_axii, 372p. _bill. ; _c28cm |
||
| 504 | _aincludes references | ||
| 650 | _2psychology | ||
| 942 |
_2ddc _cO_SHELF |
||
| 999 |
_c8837 _d8837 |
||